| 000 | 01305nam a22002537a 4500 | ||
|---|---|---|---|
| 999 |
_c58172 _d58172 |
||
| 003 | Ge_BSU | ||
| 005 | 20210723130743.0 | ||
| 008 | 210723s2020 ge ||||| |||| 00| 0 geo d | ||
| 020 | _a9789941312984 | ||
| 041 | _ageo | ||
| 080 | _a32:327.2 პ-54 | ||
| 245 |
_aპოლიტიკა და დემოკრატია / _cსემუელ ჰანტინგტონი, ფარიდ ზაქარია, კიმ დე ჯუნი, ისაია ბერლინი და სხვ.; რედ. ელზა ნაბახტეველი. |
||
| 264 |
_aთბილისი : _bინტელექტი, _c2020. |
||
| 300 |
_a400 გვ. _b24 სმ. |
||
| 501 | _aსაძიებელი გვ. 390-395 | ||
| 653 | _aპოლიტიკა | ||
| 653 | _aდემოკრატია | ||
| 700 |
_aსემუელ ჰანტინგტონი _eავტორი _912311 |
||
| 700 |
_aზაქარია, ფარიდ _eავტორი _912312 |
||
| 700 |
_aჯუნი, კიმ დე _eავტორი _912313 |
||
| 700 |
_aისაია ბერლინი და სხვ. _eავტორი _912314 |
||
| 700 |
_aნაბახტეველი, ელზა _eრედაქტორი _95442 |
||
| 942 |
_2udc _cBK |
||